000 00271nam a2200109Ia 4500
008 200302s9999 xx 000 0 und d
100 _aMartin M. Pegler
245 _aStorefronts & Facades / 5
260 _bRetail Reporting Corporation
260 _c1995
300 _a207 P.,
999 _c2082
_d2082